Děje- národo- a mluvopisný obzor českoslovanský částečně i všeslovanský /

Hlavní autor: Jodl-Kralupský, Jan, 1791-1869
Jazyk: Čeština
Vydáno: Praha : J. Jodl Kralupský, 1866
Témata:
Externí odkaz: Digitalizovaný dokument
Fyzický popis: 2, 263 s. ; 8°
Knihy
Uloženo v:
LEADER 01012nam a22002652a 4500
001 000728351
003 CZ BrMZK
005 20040812074834.0
007 ta
008 040812s1866 xr er|||||||||||cze d
015 |a cnb001102413 
035 |a (OCoLC)38640952 
040 |a ABA001  |b cze  |c ABA001  |d ABA001  |d BOA001 
100 1 |a Jodl-Kralupský, Jan,  |d 1791-1869  |7 jk01052025  |4 com 
245 1 0 |a Děje- národo- a mluvopisný obzor českoslovanský částečně i všeslovanský /  |c sest. a vyd. Jan Jodl-Kralupský [pseud.] 
260 |a Praha :  |b J. Jodl Kralupský,  |c 1866  |f (Karel Seyfried, dř. Kat. Jeřábková) 
300 |a 2, 263 s. ;  |c 8° 
500 |a Vl. jm. autora: Jodl, Jan 
500 |a [3] příl. 
500 |a Frontispice 
856 4 1 |u http://kramerius.nkp.cz/kramerius/handle/ABA001/1448923  |y Digitalizovaný dokument 
910 |a BOA001  |b 2-0032.337  |k k 
964 |a Bohemika - stol. 19. 
990 |a BK 
996 6 |b BC-173566  |c 2-0032.337  |l MZK  |r Sklad / do 24 hodin  |n 0  |w 000728351  |u 000010  |a 1  |e BOA001  |j MZK50  |s P